[Event "GBR-ch84"]
[Site "Hove"]
[Date "1997.08.08"]
[Round "5"]
[White "Summerscale, Aaron P"]
[Black "McDonald, Neil R"]
[Result "1-0"]
[WhiteElo "2420"]
[BlackElo "2490"]
[PlyCount "57"]
[EventDate "1997.08.04"]
[EventType "swiss"]
[EventRounds "11"]
[EventCountry "GBR"]
[SourceTitle "BritBase"]
[Source "John Saunders"]
[SourceDate "2024.07.04"]
[SourceVersion "1"]
[SourceVersionDate "2024.07.04"]
[SourceQuality "1"]

1. Nf3 e6 2. c4 f5 3. g3 Nf6 4. Bg2 Be7 5. O-O O-O 6. Nc3 d5 7. d3 d4 8. Nb5
Nc6 9. e3 dxe3 10. Bxe3 e5 11. Re1 Ng4 12. Bc1 e4 13. dxe4 Qxd1 14. Rxd1 fxe4
15. Ng5 Nxf2 16. Rf1 Bc5 17. Nxc7 e3 18. Re1 e2 19. Rxe2 Bg4 20. Be3 Bxe2 21.
Bxc5 h6 22. Nxa8 Rf5 23. Bxf2 hxg5 24. Bd5+ Kh8 25. Re1 Bf3 26. Bxf3 Rxf3 27.
Nc7 Rd3 28. Ne6 Rd2 29. Nxg5 1-0

[Event "GBR-ch84"]
[Site "Hove"]
[Date "1997.08.08"]
[Round "5"]
[White "Thurlow, Kevin J"]
[Black "Mah, Karl CC"]
[Result "1-0"]
[WhiteElo "2205"]
[BlackElo "2365"]
[PlyCount "69"]
[EventDate "1997.08.04"]
[EventType "swiss"]
[EventRounds "11"]
[EventCountry "GBR"]
[SourceTitle "BritBase"]
[Source "John Saunders"]
[SourceDate "2024.07.04"]
[SourceVersion "1"]
[SourceVersionDate "2024.07.04"]
[SourceQuality "1"]

1. c4 g6 2. Nc3 Bg7 3. d4 Nf6 4. g3 O-O 5. Bg2 d6 6. e3 Nbd7 7. Nge2 e5 8. O-O
Re8 9. Qc2 c6 10. b3 Qc7 11. Bb2 exd4 12. Nxd4 a5 13. Rad1 Nc5 14. Ba3 Bg4 15.
f3 Bc8 16. e4 Na6 17. Kh1 Nd7 18. Ndb5 cxb5 19. Nxb5 Qb6 20. Rxd6 Qe3 21. Rd3
Qb6 22. Rd6 Qe3 23. Rd3 Qh6 24. Rd5 Ne5 25. Nd6 Rd8 26. Qd1 Qe3 27. Nf5 Rxd5
28. Ne7+ Kh8 29. Nxd5 Qd3 30. Nb6 Rb8 31. Bd6 Be6 32. Bxe5 Qxd1 33. Bxg7+ Kxg7
34. Rxd1 Nb4 35. Rd2 1-0

[Event "GBR-ch84"]
[Site "Hove"]
[Date "1997.08.08"]
[Round "5"]
[White "Vigus, James"]
[Black "Mitchell, Martin"]
[Result "1-0"]
[WhiteElo "2255"]
[BlackElo "2115"]
[PlyCount "59"]
[EventDate "1997.08.04"]
[EventType "swiss"]
[EventRounds "11"]
[EventCountry "GBR"]
[SourceTitle "BritBase"]
[Source "John Saunders"]
[SourceDate "2024.07.04"]
[SourceVersion "1"]
[SourceVersionDate "2024.07.04"]
[SourceQuality "1"]

1. c4 f5 2. Nf3 Nf6 3. g3 g6 4. b4 Bg7 5. Bb2 O-O 6. Bg2 d6 7. d4 a5 8. b5 Qe8
9. Nc3 Qf7 10. Ng5 Qxc4 11. Rc1 Qb4 12. Qd2 h6 13. Nh3 Ne4 14. Nxe4 fxe4 15.
Nf4 Qxd2+ 16. Kxd2 c6 17. Nxg6 Re8 18. Bxe4 Be6 19. a3 cxb5 20. Rc7 Nd7 21. Nf4
Bg4 22. h3 Nb6 23. hxg4 Nc4+ 24. Kc1 Rac8 25. Rxc8 Rxc8 26. Bxb7 Rc7 27. Bd5+
Kh7 28. Ne6 Rc8 29. Bxc4 Rxc4+ 30. Kd2 1-0

[Event "GBR-ch84"]
[Site "Hove"]
[Date "1997.08.09"]
[Round "6"]
[White "Bates, Richard A"]
[Black "Pein, Malcolm"]
[Result "0-1"]
[WhiteElo "2345"]
[BlackElo "2430"]
[PlyCount "66"]
[EventDate "1997.08.04"]
[EventType "swiss"]
[EventRounds "11"]
[EventCountry "GBR"]
[SourceTitle "BritBase"]
[Source "John Saunders"]
[SourceDate "2024.07.04"]
[SourceVersion "1"]
[SourceVersionDate "2024.07.04"]
[SourceQuality "1"]

1. d4 g6 2. c4 Bg7 3. e4 d6 4. Nc3 Nc6 5. Be3 Nf6 6. Be2 O-O 7. d5 Ne5 8. h3 e6
9. g4 exd5 10. cxd5 Qe7 11. g5 Nfd7 12. Qd2 Nb6 13. b3 c6 14. Rc1 f5 15. gxf6
Qxf6 16. f4 Qh4+ 17. Kd1 Ng4 18. Nf3 Nxe3+ 19. Qxe3 Qxf4 20. Qxf4 Rxf4 21. dxc6
bxc6 22. Nb1 Bb7 23. Nbd2 d5 24. exd5 Nxd5 25. Bc4 Re8 26. Re1 Kf8 27. Rxe8+
Kxe8 28. Bxd5 cxd5 29. Ng5 Kd7 30. Nxh7 Rf5 31. h4 Rh5 32. Ng5 Rxh4 33. Ke2
Rh2+ 0-1

[Event "GBR-ch84"]
[Site "Hove"]
[Date "1997.08.09"]
[Round "6"]
[White "Conquest, Stuart C"]
[Black "Gormally, Daniel W"]
[Result "1-0"]
[WhiteElo "2500"]
[BlackElo "2425"]
[PlyCount "131"]
[EventDate "1997.08.04"]
[EventType "swiss"]
[EventRounds "11"]
[EventCountry "GBR"]
[SourceTitle "BritBase"]
[Source "John Saunders"]
[SourceDate "2024.07.04"]
[SourceVersion "1"]
[SourceVersionDate "2024.07.04"]
[SourceQuality "1"]

1. e4 c5 2. Nf3 d6 3. d4 cxd4 4. Nxd4 Nf6 5. Nc3 a6 6. Be2 e5 7. Nb3 Be7 8. O-O
O-O 9. Kh1 Be6 10. f4 exf4 11. Bxf4 Nc6 12. Qe1 Ne5 13. Rd1 Qc7 14. Nd4 b5 15.
Qg3 b4 16. Nd5 Nxd5 17. exd5 Bd7 18. Bd3 g6 19. Bf5 Bf6 20. Bxd7 Qxd7 21. Bd2
Bg7 22. Bxb4 Rfe8 23. Bd2 Qb7 24. Qb3 Qxb3 25. axb3 Ng4 26. Bf4 Re4 27. h3 Ne3
28. Bxe3 Rxe3 29. c3 Rae8 30. Nf3 Rb8 31. Nd2 Re2 32. Rfe1 Rf2 33. Kg1 Rf4 34.
g3 Rf5 35. Nc4 Bf8 36. b4 Rb5 37. Ra1 Rfxd5 38. Rxa6 Rd3 39. Re3 Rd1+ 40. Kf2
d5 41. Rb6 Rxb6 42. Nxb6 d4 43. Re8 Kg7 44. Na4 Bd6 45. b5 Rd2+ 46. Kf3 Rd3+
47. Ke2 Rxg3 48. Rd8 d3+ 49. Kf2 Bf4 50. c4 h5 51. Nc3 d2 52. Rxd2 Rxh3 53. Rd7
Rh2+ 54. Kf3 Bb8 55. Rb7 Bd6 56. Ne4 Rh3+ 57. Kg2 Rh2+ 58. Kg1 Be5 59. Re7 Bf4
60. Nf2 h4 61. b6 h3 62. c5 Rg2+ 63. Kf1 Rg3 64. Re4 g5 65. Rxf4 gxf4 66. b7
1-0

[Event "GBR-ch84"]
[Site "Hove"]
[Date "1997.08.09"]
[Round "6"]
[White "Ferguson, Mark"]
[Black "Rowson, Jonathan"]
[Result "1/2-1/2"]
[WhiteElo "2420"]
[BlackElo "2490"]
[PlyCount "48"]
[EventDate "1997.08.04"]
[EventType "swiss"]
[EventRounds "11"]
[EventCountry "GBR"]
[SourceTitle "BritBase"]
[Source "John Saunders"]
[SourceDate "2024.07.04"]
[SourceVersion "1"]
[SourceVersionDate "2024.07.04"]
[SourceQuality "1"]

1. Nf3 d6 2. e4 Nf6 3. Nc3 c5 4. Bb5+ Bd7 5. Bxd7+ Nbxd7 6. O-O g6 7. d4 cxd4
8. Qxd4 Bg7 9. Bg5 h6 10. Be3 O-O 11. Qb4 Ng4 12. Bd2 Re8 13. Qxb7 Rb8 14. Qxa7
Rxb2 15. Nd4 Qc8 16. Nce2 Nge5 17. Rab1 Rxb1 18. Rxb1 Nc5 19. f3 Qa8 20. Qxa8
Rxa8 21. Ra1 Nc4 22. Bb4 Ra4 23. a3 Na6 24. c3 Nxb4 1/2-1/2

[Event "GBR-ch84"]
[Site "Hove"]
[Date "1997.08.09"]
[Round "6"]
[White "Gallagher, Joseph G"]
[Black "Turner, Matthew J"]
[Result "1/2-1/2"]
[WhiteElo "2525"]
[BlackElo "2445"]
[PlyCount "60"]
[EventDate "1997.08.04"]
[EventType "swiss"]
[EventRounds "11"]
[EventCountry "GBR"]
[SourceTitle "BritBase"]
[Source "John Saunders"]
[SourceDate "2024.07.04"]
[SourceVersion "1"]
[SourceVersionDate "2024.07.04"]
[SourceQuality "1"]

1. e4 c5 2. Nf3 Nc6 3. d4 cxd4 4. Nxd4 g6 5. c4 Bg7 6. Be3 Nf6 7. Nc3 O-O 8.
Be2 b6 9. O-O Bb7 10. f3 e6 11. Qd2 d5 12. Nxc6 Bxc6 13. e5 Ne8 14. cxd5 exd5
15. f4 f6 16. Bf3 fxe5 17. Nxd5 exf4 18. Bxf4 Rf5 19. Rad1 Nf6 20. Bg5 Rxf3 21.
Rxf3 Qxd5 22. Rxf6 Qxd2 23. Rxd2 Bxf6 24. Bxf6 Re8 25. Rd6 Bb5 26. Bc3 Kf7 27.
Rf6+ Ke7 28. Rf4 Kd7 29. Rf7+ Re7 30. Rxe7+ Kxe7 1/2-1/2

[Event "GBR-ch84"]
[Site "Hove"]
[Date "1997.08.09"]
[Round "6"]
[White "Greet, Andrew N"]
[Black "Botley, Gordon"]
[Result "1-0"]
[WhiteElo "2240"]
[BlackElo "2155"]
[PlyCount "57"]
[EventDate "1997.08.04"]
[EventType "swiss"]
[EventRounds "11"]
[EventCountry "GBR"]
[SourceTitle "BritBase"]
[Source "John Saunders"]
[SourceDate "2024.07.04"]
[SourceVersion "1"]
[SourceVersionDate "2024.07.04"]
[SourceQuality "1"]

1. e4 d6 2. d4 Nf6 3. Nc3 g6 4. Be3 Bg7 5. Qd2 c6 6. Bh6 O-O 7. O-O-O Qa5 8.
Kb1 Nbd7 9. h4 b5 10. f3 b4 11. Nce2 Nb6 12. Nc1 Be6 13. h5 Nc4 14. Bxc4 Bxc4
15. hxg6 fxg6 16. Bxg7 Kxg7 17. Qh6+ Kg8 18. Nh3 e5 19. Ng5 Qc7 20. b3 Bb5 21.
Ne6 Qe7 22. Nxf8 Rxf8 23. Qg5 a5 24. dxe5 dxe5 25. Nd3 Re8 26. Nf2 a4 27. Ng4
Nxe4 28. Nh6+ Kh8 29. fxe4 1-0

[Event "GBR-ch84"]
[Site "Hove"]
[Date "1997.08.09"]
[Round "6"]
[White "Houska, Miroslav"]
[Black "Plaskett, H James"]
[Result "1-0"]
[WhiteElo "2360"]
[BlackElo "2450"]
[PlyCount "73"]
[EventDate "1997.08.04"]
[EventType "swiss"]
[EventRounds "11"]
[EventCountry "GBR"]
[SourceTitle "BritBase"]
[Source "John Saunders"]
[SourceDate "2024.07.04"]
[SourceVersion "1"]
[SourceVersionDate "2024.07.04"]
[SourceQuality "1"]

1. d4 Nf6 2. Nf3 c5 3. c3 b6 4. Bg5 Bb7 5. Bxf6 gxf6 6. e3 e6 7. Be2 Qc7 8.
Nbd2 Rg8 9. O-O Nc6 10. a3 Ne7 11. Re1 Bh6 12. Bf1 f5 13. g3 Nd5 14. Bg2 Bg7
15. Qe2 Rc8 16. Rad1 Ne7 17. e4 Kf8 18. dxc5 bxc5 19. Ng5 Bh6 20. Ngf3 d6 21.
Nh4 f4 22. Qh5 Bg7 23. Nc4 Rd8 24. e5 d5 25. Nd6 Ng6 26. Nxb7 Qxb7 27. Nxg6+
hxg6 28. Qg5 Qc7 29. Qxf4 c4 30. b3 cxb3 31. c4 dxc4 32. Rxd8+ Qxd8 33. Qxc4
Qa5 34. Qc8+ Ke7 35. Qb7+ Kf8 36. Rd1 Bxe5 37. Rd7 1-0

[Event "GBR-ch84"]
[Site "Hove"]
[Date "1997.08.09"]
[Round "6"]
[White "Hunt, Adam"]
[Black "Lee, Graham D"]
[Result "0-1"]
[WhiteElo "2225"]
[BlackElo "2350"]
[PlyCount "100"]
[EventDate "1997.08.04"]
[EventType "swiss"]
[EventRounds "11"]
[EventCountry "GBR"]
[SourceTitle "BritBase"]
[Source "John Saunders"]
[SourceDate "2024.07.04"]
[SourceVersion "1"]
[SourceVersionDate "2024.07.04"]
[SourceQuality "1"]

1. e4 c6 2. d4 d5 3. exd5 cxd5 4. c4 Nf6 5. Nc3 Nc6 6. Bg5 Be6 7. Nge2 dxc4 8.
Nf4 Nxd4 9. Nxe6 Nxe6 10. Bxc4 Nxg5 11. Qa4+ Nd7 12. Rd1 a6 13. Rxd7 Qxd7 14.
Bb5 axb5 15. Qxa8+ Qd8 16. Qxb7 Ne6 17. O-O f6 18. Qxb5+ Qd7 19. Qb8+ Kf7 20.
Qb3 g6 21. Re1 Bh6 22. Na4 Qc6 23. Nc5 Qxc5 24. Qxe6+ Kf8 25. g3 Bd2 26. Rd1
Ba5 27. Rd5 Qb6 28. Qc8+ Kg7 29. Qd7 Bb4 30. Rb5 Qd6 31. Qb7 Be1 32. Qe4 Bxf2+
33. Kxf2 Rc8 34. Rd5 Qb6+ 35. Kf3 Rc7 36. Qd4 Qa6 37. Qd3 Qxa2 38. Rd7 Qa8+ 39.
Qd5 Qxd5+ 40. Rxd5 Rc2 41. b4 Rxh2 42. Rd7 Kf7 43. b5 Rb2 44. Rb7 h5 45. Rb8
Rb4 46. b6 Ke6 47. b7 Kf5 48. Ke3 g5 49. Kf3 Rb3+ 50. Kf2 Kg4 0-1

[Event "GBR-ch84"]
[Site "Hove"]
[Date "1997.08.09"]
[Round "6"]
[White "Kinsman, Andrew PH"]
[Black "Parker, Jonathan F"]
[Result "1/2-1/2"]
[WhiteElo "2395"]
[BlackElo "2510"]
[PlyCount "38"]
[EventDate "1997.08.04"]
[EventType "swiss"]
[EventRounds "11"]
[EventCountry "GBR"]
[SourceTitle "BritBase"]
[Source "John Saunders"]
[SourceDate "2024.07.04"]
[SourceVersion "1"]
[SourceVersionDate "2024.07.04"]
[SourceQuality "1"]

1. d4 Nf6 2. c4 e6 3. Nf3 b6 4. g3 Bb7 5. Bg2 Be7 6. Nc3 Ne4 7. Bd2 Bf6 8. O-O
O-O 9. Rc1 c5 10. d5 exd5 11. cxd5 Nxd2 12. Nxd2 d6 13. Nde4 Be5 14. Qd2 Ba6
15. Rfe1 g6 16. Qh6 Bg7 17. Qf4 Be5 18. Qh6 Bg7 19. Qf4 Be5 1/2-1/2

[Event "GBR-ch84"]
[Site "Hove"]
[Date "1997.08.09"]
[Round "6"]
[White "Ledger, Andrew J"]
[Black "Kosten, Anthony C"]
[Result "1/2-1/2"]
[WhiteElo "2415"]
[BlackElo "2530"]
[PlyCount "71"]
[EventDate "1997.08.04"]
[EventType "swiss"]
[EventRounds "11"]
[EventCountry "GBR"]
[SourceTitle "BritBase"]
[Source "John Saunders"]
[SourceDate "2024.07.04"]
[SourceVersion "1"]
[SourceVersionDate "2024.07.04"]
[SourceQuality "1"]

1. e4 c5 2. Nc3 Nc6 3. g3 g6 4. d3 Bg7 5. Be3 d6 6. Qd2 e6 7. Bg2 Nd4 8. Nd1 e5
9. c3 Ne6 10. Ne2 Nf6 11. Bh6 O-O 12. Bxg7 Nxg7 13. f4 exf4 14. Nxf4 Re8 15.
O-O c4 16. Ne3 cxd3 17. Qxd3 Ngh5 18. Nc4 Nxf4 19. Rxf4 Ng4 20. Qxd6 Be6 21. e5
Qg5 22. h4 Qh6 23. Qd4 Bxc4 24. Rxg4 Be6 25. Rf4 Red8 26. Qf2 Rd3 27. Rd4 Qe3
28. Rxd3 Qxd3 29. Bxb7 Rb8 30. Bg2 Qb5 31. b3 Qxe5 32. Rc1 Rd8 33. c4 Rd3 34.
Kh2 g5 35. Re1 Qa5 36. hxg5 1/2-1/2

[Event "GBR-ch84"]
[Site "Hove"]
[Date "1997.08.09"]
[Round "6"]
[White "Mah, Karl CC"]
[Black "Vigus, James"]
[Result "0-1"]
[WhiteElo "2365"]
[BlackElo "2255"]
[PlyCount "62"]
[EventDate "1997.08.04"]
[EventType "swiss"]
[EventRounds "11"]
[EventCountry "GBR"]
[SourceTitle "BritBase"]
[Source "John Saunders"]
[SourceDate "2024.07.04"]
[SourceVersion "1"]
[SourceVersionDate "2024.07.04"]
[SourceQuality "1"]

1. d4 d5 2. c4 c6 3. Nf3 Nf6 4. Nc3 dxc4 5. a4 Bg4 6. Ne5 Bh5 7. f3 Nfd7 8.
Nxc4 e5 9. Ne4 Bb4+ 10. Bd2 Qe7 11. Bxb4 Qxb4+ 12. Qd2 Qxd2+ 13. Kxd2 exd4 14.
Ned6+ Kd8 15. g4 Bg6 16. f4 f6 17. f5 Be8 18. Nxb7+ Kc7 19. Nbd6 Na6 20. Bg2
Rb8 21. Kc2 Nb4+ 22. Kc1 h5 23. h3 hxg4 24. hxg4 Rxh1+ 25. Bxh1 Nc5 26. Ra3 Bd7
27. Rh3 d3 28. exd3 Nbxd3+ 29. Kc2 Nxb2 30. Nxb2 Kxd6 31. Rc3 Rxb2+ 0-1

[Event "GBR-ch84"]
[Site "Hove"]
[Date "1997.08.09"]
[Round "6"]
[White "Martin, Andrew D"]
[Black "Hebden, Mark L"]
[Result "1/2-1/2"]
[WhiteElo "2425"]
[BlackElo "2575"]
[PlyCount "67"]
[EventDate "1997.08.04"]
[EventType "swiss"]
[EventRounds "11"]
[EventCountry "GBR"]
[SourceTitle "BritBase"]
[Source "John Saunders"]
[SourceDate "2024.07.04"]
[SourceVersion "1"]
[SourceVersionDate "2024.07.04"]
[SourceQuality "1"]

1. d4 Nf6 2. c4 g6 3. Nc3 Bg7 4. e4 d6 5. h3 O-O 6. Bg5 a5 7. Qd2 a4 8. Rd1 c6
9. Nf3 Qa5 10. Bd3 e5 11. d5 Nbd7 12. O-O cxd5 13. Nxd5 Nxd5 14. Qxa5 Rxa5 15.
cxd5 Nc5 16. Be7 Re8 17. Bxd6 Nxd3 18. Rxd3 f5 19. Nd2 fxe4 20. Nxe4 Bf5 21.
Re1 Rd8 22. Be7 Rdxd5 23. Rxd5 Rxd5 24. Nf6+ Bxf6 25. Bxf6 Bc2 26. Bxe5 Rd1 27.
Rxd1 Bxd1 28. Kf1 h5 29. Ke1 Bc2 30. Kd2 Be4 31. g3 Bc2 32. h4 Be4 33. a3 Kf7
34. Ke3 1/2-1/2

[Event "GBR-ch84"]
[Site "Hove"]
[Date "1997.08.09"]
[Round "6"]
[White "Mitchell, Martin"]
[Black "Cooper, Andrew G"]
[Result "1-0"]
[WhiteElo "2115"]
[BlackElo "2135"]
[PlyCount "53"]
[EventDate "1997.08.04"]
[EventType "swiss"]
[EventRounds "11"]
[EventCountry "GBR"]
[SourceTitle "BritBase"]
[Source "John Saunders"]
[SourceDate "2024.07.04"]
[SourceVersion "1"]
[SourceVersionDate "2024.07.04"]
[SourceQuality "1"]

1. e4 e6 2. d4 d5 3. Nc3 Bb4 4. e5 c5 5. a3 Bxc3+ 6. bxc3 Ne7 7. Qg4 Qc7 8.
Qxg7 Rg8 9. Qxh7 cxd4 10. Ne2 Nbc6 11. f4 Bd7 12. Qd3 dxc3 13. Nxc3 a6 14. Rb1
Nf5 15. g4 Rxg4 16. Bh3 Nxe5 17. fxe5 Qxe5+ 18. Ne2 Rd4 19. Qf3 Re4 20. Bxf5
exf5 21. Bf4 Qe6 22. Rg1 O-O-O 23. Kf2 Rh8 24. Qc3+ Bc6 25. Qxh8+ Kd7 26. Rge1
d4 27. Rbd1 1-0

[Event "GBR-ch84"]
[Site "Hove"]
[Date "1997.08.09"]
[Round "6"]
[White "Regan, Natasha K"]
[Black "Forbes, Cathy"]
[Result "1-0"]
[WhiteElo "2170"]
[BlackElo "2120"]
[PlyCount "69"]
[EventDate "1997.08.04"]
[EventType "swiss"]
[EventRounds "11"]
[EventCountry "GBR"]
[SourceTitle "BritBase"]
[Source "John Saunders"]
[SourceDate "2024.07.04"]
[SourceVersion "1"]
[SourceVersionDate "2024.07.04"]
[SourceQuality "1"]

1. e4 c5 2. d4 cxd4 3. c3 d3 4. Bxd3 Nc6 5. c4 Nf6 6. Nc3 e6 7. Nf3 a6 8. O-O
Qc7 9. h3 Bd6 10. Be3 h5 11. c5 Bf4 12. Bxf4 Qxf4 13. Qd2 Qxd2 14. Nxd2 Ne5 15.
Be2 g5 16. f4 gxf4 17. Rxf4 Ke7 18. Raf1 Rh6 19. Nc4 Nxc4 20. Bxc4 b5 21. Bd3
Bb7 22. e5 Nd5 23. Rxf7+ Kd8 24. Be4 Kc7 25. Nxd5+ Bxd5 26. Bxd5 exd5 27. R1f6
Rxf6 28. exf6 Kc6 29. g4 hxg4 30. hxg4 d4 31. g5 d6 32. g6 dxc5 33. g7 d3 34.
Kf2 Rd8 35. Rf8 1-0

[Event "GBR-ch84"]
[Site "Hove"]
[Date "1997.08.09"]
[Round "6"]
[White "Sasikiran, Krishnan"]
[Black "Thurlow, Kevin J"]
[Result "1-0"]
[WhiteElo "2430"]
[BlackElo "2205"]
[PlyCount "89"]
[EventDate "1997.08.04"]
[EventType "swiss"]
[EventRounds "11"]
[EventCountry "GBR"]
[SourceTitle "BritBase"]
[Source "John Saunders"]
[SourceDate "2024.07.04"]
[SourceVersion "1"]
[SourceVersionDate "2024.07.04"]
[SourceQuality "1"]

1. d4 Nf6 2. c4 e6 3. Nc3 d5 4. Bg5 Be7 5. e3 Nbd7 6. Nf3 O-O 7. Rc1 h6 8. Bh4
c6 9. Qc2 Re8 10. Bd3 dxc4 11. Bxc4 Nd5 12. Bg3 Nf8 13. O-O Bd7 14. e4 Nf6 15.
Rfd1 b5 16. Be2 Nh5 17. Ne5 Nxg3 18. hxg3 Rc8 19. a3 Bf6 20. f4 Bxe5 21. dxe5
Qb6+ 22. Kh2 c5 23. Rd6 Qb7 24. Rxd7 Nxd7 25. Nxb5 Rb8 26. Nd6 Qxb2 27. Nxe8
Qxc2 28. Rxc2 Rxe8 29. Bb5 Re7 30. g4 g5 31. g3 Kg7 32. Kg2 f6 33. Bxd7 Rxd7
34. Rxc5 gxf4 35. gxf4 fxe5 36. Rxe5 Kf6 37. Ra5 Rd4 38. Kf3 Rd3+ 39. Kf2 Rd2+
40. Ke3 Rg2 41. e5+ Kg6 42. Ra6 Rxg4 43. Rxe6+ Kh5 44. Ra6 Rg7 45. Ke4 1-0

[Event "GBR-ch84"]
[Site "Hove"]
[Date "1997.08.09"]
[Round "6"]
[White "Thompson, Ian D"]
[Black "Coleman, David J"]
[Result "0-1"]
[WhiteElo "2260"]
[BlackElo "2230"]
[PlyCount "72"]
[EventDate "1997.08.04"]
[EventType "swiss"]
[EventRounds "11"]
[EventCountry "GBR"]
[SourceTitle "BritBase"]
[Source "John Saunders"]
[SourceDate "2024.07.04"]
[SourceVersion "1"]
[SourceVersionDate "2024.07.04"]
[SourceQuality "1"]

1. c4 c5 2. Nc3 Nc6 3. g3 g6 4. Bg2 Bg7 5. e3 d6 6. d3 h5 7. h3 e5 8. Nf3 Nge7
9. Rb1 f6 10. b3 Be6 11. d4 exd4 12. exd4 Bf5 13. Ra1 Nb4 14. O-O Bc2 15. Qd2
Bh6 16. Qe1 Bd3 17. Bxh6 Bxf1 18. Qxf1 Rxh6 19. dxc5 dxc5 20. Rd1 Qb6 21. a3
Nbc6 22. Qe2 Kf7 23. Na4 Qxb3 24. Nxc5 Qxa3 25. Nxb7 Rf8 26. Rd7 Rh7 27. Ng5+
fxg5 28. Bxc6 Kg8 29. Bd5+ Nxd5 30. Qe6+ Kh8 31. Rxh7+ Kxh7 32. Qxd5 Qa1+ 33.
Kg2 Qf6 34. f4 gxf4 35. Nd6 fxg3 36. Qb7+ Kh6 0-1

[Event "GBR-ch84"]
[Site "Hove"]
[Date "1997.08.11"]
[Round "7"]
[White "Arkell, Keith C"]
[Black "Smith, Andrew Philip"]
[Result "1-0"]
[WhiteElo "2480"]
[BlackElo "2255"]
[PlyCount "59"]
[EventDate "1997.08.04"]
[EventType "swiss"]
[EventRounds "11"]
[EventCountry "GBR"]
[SourceTitle "BritBase"]
[Source "John Saunders"]
[SourceDate "2024.07.04"]
[SourceVersion "1"]
[SourceVersionDate "2024.07.04"]
[SourceQuality "1"]

1. d4 b5 2. e4 a6 3. Nf3 Bb7 4. Bd3 e6 5. O-O Nf6 6. Nbd2 c5 7. c3 Nc6 8. Re1
Qc7 9. a3 Be7 10. e5 Nd5 11. Ne4 c4 12. Bc2 f5 13. exf6 gxf6 14. b3 O-O-O 15.
a4 f5 16. axb5 axb5 17. bxc4 bxc4 18. Nc5 Nxc3 19. Qd2 Bxc5 20. dxc5 Nd5 21.
Bxf5 c3 22. Qd1 exf5 23. Qxd5 Nb4 24. Qc4 Nc2 25. Bf4 Qc6 26. Qxc3 Nxa1 27.
Rxa1 Rde8 28. Qb2 d6 29. cxd6 Qd5 30. Qg7 1-0

[Event "GBR-ch84"]
[Site "Hove"]
[Date "1997.08.11"]
[Round "7"]
[White "Cooper, Andrew G"]
[Black "Spence, David J"]
[Result "1-0"]
[WhiteElo "2135"]
[BlackElo "2070"]
[PlyCount "51"]
[EventDate "1997.08.04"]
[EventType "swiss"]
[EventRounds "11"]
[EventCountry "GBR"]
[SourceTitle "BritBase"]
[Source "John Saunders"]
[SourceDate "2024.07.04"]
[SourceVersion "1"]
[SourceVersionDate "2024.07.04"]
[SourceQuality "1"]

1. d4 e6 2. c4 d5 3. cxd5 exd5 4. Nc3 c6 5. Qc2 Bd6 6. Nf3 Ne7 7. e3 Bf5 8. Bd3
Bxd3 9. Qxd3 f5 10. Ng5 Qc8 11. f3 h6 12. Nh3 O-O 13. Bd2 b5 14. Rc1 Qe8 15.
O-O Nd7 16. e4 b4 17. Na4 fxe4 18. fxe4 Rxf1+ 19. Rxf1 Qg6 20. Nf2 Rf8 21. e5
Rxf2 22. Qxg6 Nxg6 23. Kxf2 Be7 24. Rc1 Nb8 25. Nc5 a5 26. a3 1-0

[Event "GBR-ch84"]
[Site "Hove"]
[Date "1997.08.11"]
[Round "7"]
[White "Crouch, Colin S"]
[Black "Ferguson, Mark"]
[Result "1-0"]
[WhiteElo "2375"]
[BlackElo "2420"]
[PlyCount "65"]
[EventDate "1997.08.04"]
[EventType "swiss"]
[EventRounds "11"]
[EventCountry "GBR"]
[SourceTitle "BritBase"]
[Source "John Saunders"]
[SourceDate "2024.07.04"]
[SourceVersion "1"]
[SourceVersionDate "2024.07.04"]
[SourceQuality "1"]

1. d4 d5 2. c4 c6 3. Nc3 dxc4 4. e3 b5 5. a4 b4 6. Na2 e6 7. Bxc4 Nf6 8. Nh3
Be7 9. O-O a5 10. b3 O-O 11. Bb2 Nbd7 12. Qf3 Nb6 13. Bd3 Bb7 14. Nf4 Qb8 15.
Rfe1 c5 16. Qh3 Bc8 17. dxc5 e5 18. Qh4 Bxc5 19. Rac1 Bd6 20. Rc6 h6 21. Rd1
Be7 22. Nh5 Nbd7 23. f4 exf4 24. Bb1 Qa7 25. Bd4 Qb7 26. Nxf6+ Bxf6 27. Rxf6
Nxf6 28. Bxf6 gxf6 29. Qxh6 f5 30. Rd6 f6 31. Bd3 Qe7 32. Bc4+ Rf7 33. Rxf6 1-0

[Event "GBR-ch84"]
[Site "Hove"]
[Date "1997.08.11"]
[Round "7"]
[White "Forbes, Cathy"]
[Black "Morrison, Chris"]
[Result "0-1"]
[WhiteElo "2120"]
[BlackElo "2195"]
[PlyCount "120"]
[EventDate "1997.08.04"]
[EventType "swiss"]
[EventRounds "11"]
[EventCountry "GBR"]
[SourceTitle "BritBase"]
[Source "John Saunders"]
[SourceDate "2024.07.04"]
[SourceVersion "1"]
[SourceVersionDate "2024.07.04"]
[SourceQuality "1"]

1. d4 d6 2. Nf3 Nf6 3. c3 Nbd7 4. Nbd2 e5 5. e4 Be7 6. Bc4 O-O 7. O-O c6 8. Bb3
Qc7 9. Re1 h6 10. a4 Re8 11. h3 Nf8 12. dxe5 dxe5 13. Nc4 Ng6 14. Nfxe5 Nxe5
15. Bf4 Nfd7 16. Qh5 Bf6 17. Rad1 Nf8 18. Rd6 Nxc4 19. Rxf6 Qe7 20. Rxh6 gxh6
21. Bxc4 Be6 22. Bd3 Ng6 23. Bxh6 Qh4 24. Qxh4 Nxh4 25. e5 Rad8 26. Bc2 Bf5 27.
Bb3 Ng6 28. Bg5 Rd7 29. g4 Rxe5 30. Rf1 Be6 31. f4 Rxg5 32. Bxe6 fxe6 33. fxg5
Kg7 34. Kg2 Rd2+ 35. Kg3 Rd3+ 36. Kg2 Nh4+ 37. Kh2 Nf3+ 38. Kg2 Nxg5 39. h4 Nf7
40. Re1 e5 41. Re2 b5 42. axb5 cxb5 43. g5 a6 44. h5 Nxg5 45. Rxe5 Kh6 46. Kf2
Kxh5 47. Ke2 Rd6 48. b3 Kg4 49. c4 Re6 50. Rxe6 Nxe6 51. Kd3 Kf4 52. Kc3 Ke4
53. Kb4 Nd4 54. cxb5 axb5 55. Kc5 Kd3 56. b4 Kc3 57. Kd5 Kxb4 58. Kxd4 Ka3 59.
Kc3 b4+ 60. Kc2 Ka2 0-1

[Event "GBR-ch84"]
[Site "Hove"]
[Date "1997.08.11"]
[Round "7"]
[White "Graham, David Bruce"]
[Black "Dearing, Eddie"]
[Result "1-0"]
[WhiteElo "2230"]
[BlackElo "2210"]
[PlyCount "99"]
[EventDate "1997.08.04"]
[EventType "swiss"]
[EventRounds "11"]
[EventCountry "GBR"]
[SourceTitle "BritBase"]
[Source "John Saunders"]
[SourceDate "2024.07.04"]
[SourceVersion "1"]
[SourceVersionDate "2024.07.04"]
[SourceQuality "1"]

1. e4 c5 2. c3 d5 3. exd5 Qxd5 4. d4 Nf6 5. Nf3 Bg4 6. Be2 e6 7. O-O Nc6 8. Be3
cxd4 9. cxd4 Be7 10. Nc3 Qd6 11. h3 Bh5 12. Nb5 Qd8 13. Ne5 Bxe2 14. Qxe2 Nb4
15. Rfc1 O-O 16. a3 Nbd5 17. Nc3 a6 18. Rc2 h6 19. Ng4 Qd6 20. Nxf6+ Bxf6 21.
Ne4 Qd8 22. Nxf6+ Qxf6 23. Rac1 Rad8 24. Qg4 Rfe8 25. Qg3 Kh7 26. Rc5 Qf5 27.
Kh2 Qe4 28. Qg4 Qxg4 29. hxg4 Kg6 30. Kg3 Rd6 31. Kf3 Red8 32. Rc8 R8d7 33.
R8c4 Rb6 34. b4 Rbd6 35. Rc5 Ne7 36. Rc7 Nc6 37. Rxd7 Rxd7 38. Ke4 f6 39. Rc5
Rd6 40. d5 f5+ 41. gxf5+ exf5+ 42. Kf4 Nd8 43. Ke5 Nf7+ 44. Kd4 Nd8 45. Rc7 b6
46. Bf4 Rf6 47. Be5 Rf7 48. Rxf7 Nxf7 49. Bc7 b5 50. Kc5 1-0